Business Deutsch pro každý den /

Hlavní autor: Michňová, Iva, 1972-
Jazyk: Němčina
Čeština
Vydáno: Praha : Grada, 2025
Vydání: První vydání
Témata:
Fyzický popis: 214 stran ; 24 cm
Knihy
Uloženo v:
LEADER 02016nam a2200565 i 4500
001 nkc20253680314
003 CZ PrNK
005 20250417142303.0
007 ta
008 250401s2025 xr e p 000 0 cze
015 |a cnb003680314 
020 |a 978-80-271-3920-0  |q (brožováno) :  |c Kč 369,00 
035 |a (OCoLC)1519101531 
040 |a OLA001  |b cze  |d ABA001  |e rda 
041 0 |a cze  |a ger 
072 7 |a 811.112.2  |x Němčina  |2 Konspekt  |9 11 
072 7 |a 37.016  |x Učební osnovy. Vyučovací předměty. Učebnice  |2 Konspekt  |9 22 
080 |a 811.112.2  |2 MRF 
080 |a 659.144.1  |2 MRF 
080 |a 316.776  |2 MRF 
080 |a 005.91:82-6  |2 MRF 
080 |a 81'373.46  |2 MRF 
080 |a (075.8)  |2 MRF 
100 1 |a Michňová, Iva,  |d 1972-  |7 jn20001005745  |4 aut 
245 1 0 |a Business Deutsch pro každý den /  |c Iva Michňová 
250 |a První vydání 
264 1 |a Praha :  |b Grada,  |c 2025 
300 |a 214 stran ;  |c 24 cm 
336 |a text  |b txt  |2 rdacontent 
337 |a bez média  |b n  |2 rdamedia 
338 |a svazek  |b nc  |2 rdacarrier 
504 |a Obsahuje bibliografii 
650 0 7 |a němčina  |7 ph115512  |2 czenas 
650 0 7 |a obchodní jednání  |7 ph123553  |2 czenas 
650 0 7 |a obchodní komunikace  |7 ph123556  |2 czenas 
650 0 7 |a obchodní korespondence  |7 ph115515  |2 czenas 
650 0 7 |a oborová terminologie  |7 ph138998  |2 czenas 
650 0 9 |a German language  |2 eczenas 
650 0 9 |a negotiation in business  |2 eczenas 
650 0 9 |a communication in business  |2 eczenas 
650 0 9 |a commercial correspondence  |2 eczenas 
650 0 9 |a terminology (professional)  |2 eczenas 
655 7 |a učebnice vysokých škol  |7 fd133772  |2 czenas 
655 9 |a textbooks (higher)  |2 eczenas 
910 2 |a BOA001  |b 2-1542.478 
990 |a BK 
995 |a 01 
991 |b 202504  |c NOV 
996 6 |b 2610999923  |c 2-1542.478  |l MZK  |r Sklad / do 1 hodiny  |n 0  |p p.v.  |w 002001129  |u 000010  |a 1  |e BOA001  |j MZK50  |s P 
996 7 |b 2611000911  |c 2-1542.478  |l MZK  |r Sklad / do 1 hodiny  |n 0  |p kup  |w 002001129  |u 000020  |a 1  |e BOA001  |j MZK50  |s A